<?xml version="1.0" encoding="UTF-8"?>
<marc:record xmlns:marc="http://www.loc.gov/MARC21/slim">
   <marc:leader>00000nam a2200000 a 4500</marc:leader>
   <marc:datafield ind1="0" ind2="0" tag="245">
      <marc:subfield code="a">Leonard</marc:subfield>
   </marc:datafield>
   <marc:datafield ind1="0" ind2="0" tag="245">
      <marc:subfield code="b">ein Traktor sucht ein Abenteuer</marc:subfield>
   </marc:datafield>
   <marc:datafield ind1="0" ind2="0" tag="245">
      <marc:subfield code="c">Suza Kolb ; Christine Faust</marc:subfield>
   </marc:datafield>
   <marc:datafield ind1=" " ind2="1" tag="264">
      <marc:subfield code="a">Bamberg</marc:subfield>
      <marc:subfield code="b">Magellan</marc:subfield>
      <marc:subfield code="c">2022</marc:subfield>
   </marc:datafield>
   <marc:datafield ind1="1" ind2=" " tag="490">
      <marc:subfield code="a">Natürlich Magellan</marc:subfield>
   </marc:datafield>
   <marc:datafield ind1="1" ind2=" " tag="520">
      <marc:subfield code="a">Quelle: bn.bibliotheksnachrichten (http://www.biblio.at/literatur/bn/index.html); #Autor: Cornelia Gstöttinger; #Traktor Leonard bricht aus seinem Alltag auf dem Bauernhof aus, lernt andere Traktortypen kennen und den Wert seiner Arbeit schätzen. (ab 3) (JD)#Der grüne Traktor Leonard verrichtet am Bauernhof der Jansons seinen Dienst: Er lockert den Boden, sät, fährt Gülle aus, mäht die Wiesen. Als ihm Milchlaster Michel von seiner neuesten Entdeckung jenseits der Bauernwiesen (ein Kran auf einer Baustelle!) erzählt, beschließt Leonard, sein Zuhause hinter sich zu lassen und auf Abenteuerreise zu gehen.#Unterwegs macht er Bekanntschaft mit allerlei Nutzfahrzeugen, deren Tätigkeiten und Einsatzgebiet. Immer möchte er helfen, muss aber erkennen, dass er deren Aufgaben nicht bewältigen kann. Mal ist er zu breit, mal nicht stark genug oder es fehlt ihm das nötige Wissen. Das macht ihn traurig. Doch am Ende seiner Ausfahrt steht die Erkenntnis, dass er stolz auf seine Arbeit als Feldtraktor sein kann und am Hof gerade dringend benötigt wird. Mähdrescher Matze braucht seine Hilfe bei der Getreideernte  denn jeder hat seine Stärken und Schwächen.#Suza Kolb flicht Sachwissen über Landmaschinen und deren Einsatzgebiete auf Wiesen und Feldern in ihre Geschichte ein. Christine Faust verleiht dem hilfsbereiten grünen Traktor ein freundliches Aussehen. Kinder werden sich gerne in die ein wenig konventionell erscheinenden, heimeligen Landschaftsszenarien vertiefen und Leonards Weg mit Interesse verfolgen. Fahrzeugliebhaber*innen unter den Testleser*innen fanden zudem an der realitätsgetreuen Darstellung von Markenkennzeichen der unterschiedlichen Nutzfahrzeuge Gefallen. Mir war die Geschichte etwas zu bemüht, ich greife lieber zu einem reinen Sachbilderbuch. Für Traktorfans ab 3 aber bestimmt interessant.</marc:subfield>
   </marc:datafield>
   <marc:datafield ind1=" " ind2=" " tag="020">
      <marc:subfield code="a">9783734820977</marc:subfield>
      <marc:subfield code="9">9783734820977</marc:subfield>
   </marc:datafield>
   <marc:datafield ind1=" " ind2=" " tag="041">
      <marc:subfield code="a">ger</marc:subfield>
   </marc:datafield>
   <marc:datafield ind1=" " ind2=" " tag="500">
      <marc:subfield code="a">ab 4 Jahren</marc:subfield>
   </marc:datafield>
   <marc:datafield ind1=" " ind2=" " tag="300">
      <marc:subfield code="a">32 ungezählte Seiten</marc:subfield>
   </marc:datafield>
</marc:record>
